Survey methods in community medicine : epidemiological studies, programme evaluation, clinical trials / (Registro nro. 155502)

Detalles MARC
001 - NÚMERO DE CONTROL
campo de control 603346
005 - FECHA Y HORA DE LA ÚLTIMA TRANSACCIÓN
campo de control 20260506084527.0
008 - DATOS DE LONGITUD FIJA--INFORMACIÓN GENERAL
campo de control de longitud fija 000622s1990 eng
020 ## - NÚMERO INTERNACIONAL ESTÁNDAR DEL LIBRO
Número Internacional Estándar del Libro 0443041962
035 ## - NÚMERO DE CONTROL DEL SISTEMA
Número de control de sistema 603346
035 ## - NÚMERO DE CONTROL DEL SISTEMA
Número de control de sistema (OCoLC)777777099
040 ## - FUENTE DE LA CATALOGACIÓN
Centro/agencia transcriptor comduadb
041 ## - CÓDIGO DE LENGUA
Código de lengua del texto/banda sonora o título independiente eng
080 ## - NÚMERO DE LA CLASIFICACIÓN DECIMAL UNIVERSAL
Número de la Clasificación Decimal Universal W
100 10 - ENTRADA PRINCIPAL--NOMBRE DE PERSONA
Nombre de persona Abramson, Joseph Herbert
Código de función aut
Término indicativo de función/relación Autor/a
9 (RLIN) 483636
245 10 - MENCIÓN DE TÍTULO
Título Survey methods in community medicine : epidemiological studies, programme evaluation, clinical trials /
Mención de responsabilidad, etc. DYTG
250 ## - MENCIÓN DE EDICIÓN
Mención de edición 4.ed.
260 ## - PUBLICACIÓN, DISTRIBUCIÓN, ETC.
Lugar de publicación, distribución, etc. Estados Unidos :
Nombre del editor, distribuidor, etc. Churchill Livingstone,
Fecha de publicación, distribución, etc. 1990.
300 ## - DESCRIPCIÓN FÍSICA
Extensión 339p.
650 #7 - PUNTO DE ACCESO ADICIONAL DE MATERIA--TÉRMINO DE MATERIA
Término de materia o nombre geográfico como elemento de entrada Epidemiología
Fuente del encabezamiento o término lemb
9 (RLIN) 5453
650 ## - PUNTO DE ACCESO ADICIONAL DE MATERIA--TÉRMINO DE MATERIA
Término de materia o nombre geográfico como elemento de entrada Medicina comunitaria
9 (RLIN) 20989
650 ## - PUNTO DE ACCESO ADICIONAL DE MATERIA--TÉRMINO DE MATERIA
Término de materia o nombre geográfico como elemento de entrada Encuestas de salud
9 (RLIN) 20490
650 #7 - PUNTO DE ACCESO ADICIONAL DE MATERIA--TÉRMINO DE MATERIA
Término de materia o nombre geográfico como elemento de entrada Salud pública
Fuente del encabezamiento o término dcs
9 (RLIN) 32016
650 ## - PUNTO DE ACCESO ADICIONAL DE MATERIA--TÉRMINO DE MATERIA
Término de materia o nombre geográfico como elemento de entrada Investigación en salud
9 (RLIN) 20519
942 ## - ELEMENTOS DE ENTRADA AGREGADA (KOHA)
Tipo de ítem Koha Libros
Existencias
Estado de retiro Estado de pérdida Estado dañado No para préstamo Código de colección Localización permanente Ubicación/localización actual Fecha de adquisición Número de inventario Total de préstamos Signatura topográfica completa Código de barras Fecha visto por última vez Número de copia Precio válido a partir de Tipo de ítem Koha
        Colección Semiactiva Biblioteca de Salud Pública, Campus Medellín Biblioteca de Salud Pública, Campus Medellín 22/06/2000 C638696   W84.5 A2-90 61000002318760 22/04/2023 1 22/04/2023 Libros